000 00658nam a2200193 u 4500
005 20240210063613.0
008 091117s2008 r 000 0 eng d
020 _a9781552504291 (IDRC elibro)
035 _aUPN01000173761
049 _aCG
050 4 _aJL1229 D4.2
_bD4.8
245 0 0 _aDescentralización y manejo ambiental :
_bgobernanza costera en México /
_ccoord. Julia Fraga.
260 _aMéxico :
_bCinvestav-IPN :
_bPlaza y Valdés,
_c2008.
300 _a365 p. :
_btablas, mapas
650 4 _aDESCENTRALIZACION EN EL GOBIERNO -
_zMEXICO
_912462
650 4 _aAdministración ambiental
_9435
700 1 _aFraga, Julia,
_ecoord.
905 _aLibro
999 _c145865
_d145865